[Event "Belgrade-chT2 Quality"]
[Site "Belgrade"]
[Date "2022.11.13"]
[Round "11.7"]
[White "Crevar, Stefan"]
[Black "Djordjevic, Dejan P"]
[Result "0-1"]
[WhiteElo "1719"]
[BlackElo "1960"]
[PlyCount "75"]
[EventDate "2022.10.15"]
[EventType "team-tourn"]
[EventRounds "13"]
[EventCountry "SRB"]
[SourceTitle "EXT 2024"]
[Source "ChessBase"]
[SourceDate "2023.10.10"]
[SourceVersion "1"]
[SourceVersionDate "2023.10.10"]
[SourceQuality "1"]
[WhiteTeam "Belgrade Polet"]
[BlackTeam "Zvezdara Cirilo i Metodije"]
[WhiteTeamCountry "SRB"]
[BlackTeamCountry "SRB"]

1. e4 e6 2. Nf3 d5 3. e5 c5 4. b4 cxb4 5. d4 Nc6 6. Bd3 Nge7 7. 0-0 Nf5 8. Bxf5 exf5 9. a3 Be7 10. axb4 Nxb4 11. c3 Nc6 12. Ba3 0-0 13. Qc2 Be6 14. Nbd2 Rc8 15. Rfb1 b6 16. Qd3 Qd7 17. Bb4 Bxb4 18. cxb4 Rc7 19. Qa3 Rfc8 20. h3 Qe7 21. Rb3 h6 22. Nb1 g5 23. Qb2 g4 24. Nh2 Kh8 25. Na3 a6 26. hxg4 fxg4 27. g3 Qg5 28. b5 Na5 29. Rb4 axb5 30. Rxb5 Rc1+ 31. Kg2 Bf5 32. Rxc1 Rxc1 33. f4 gxf3+ 34. Nxf3 Qe3 35. Qd2 Qxa3 36. Qxh6+ Kg8 37. Qg5+ Bg6 38. Qxc1 0-1

[Event "Belgrade-chT2 Quality"]
[Site "Belgrade"]
[Date "2022.11.05"]
[Round "8.7"]
[White "Lazarevic, Goran"]
[Black "Djordjevic, Dejan P"]
[Result "1/2-1/2"]
[WhiteElo "1918"]
[BlackElo "1960"]
[PlyCount "38"]
[EventDate "2022.10.15"]
[EventType "team-tourn"]
[EventRounds "13"]
[EventCountry "SRB"]
[SourceTitle "EXT 2024"]
[Source "ChessBase"]
[SourceDate "2023.10.10"]
[SourceVersion "1"]
[SourceVersionDate "2023.10.10"]
[SourceQuality "1"]
[WhiteTeam "Sremcica"]
[BlackTeam "Zvezdara Cirilo i Metodije"]
[WhiteTeamCountry "SRB"]
[BlackTeamCountry "SRB"]

1. e4 c5 2. Nf3 d6 3. d4 cxd4 4. Nxd4 Nf6 5. Nc3 a6 6. Be3 e6 7. Be2 Be7 8. g4 0-0 9. h4 d5 10. exd5 Nxd5 11. Nxd5 exd5 12. Qd2 Nc6 13. h5 Ne5 14. h6 g6 15. g5 f6 16. gxf6 Bxf6 17. 0-0-0 Nc4 18. Bxc4 dxc4 19. Qe2 Qc7 1/2-1/2

[Event "Belgrade-chT Quality"]
[Site "Belgrade"]
[Date "2021.10.29"]
[Round "5.6"]
[White "Vlatkovic, Milorad"]
[Black "Djordjevic, Dejan P"]
[Result "1/2-1/2"]
[WhiteElo "2000"]
[BlackElo "1960"]
[PlyCount "35"]
[EventDate "2021.10.16"]
[EventType "team-tourn"]
[EventRounds "11"]
[EventCountry "SRB"]
[SourceTitle "EXT 2023"]
[Source "ChessBase"]
[SourceDate "2022.10.05"]
[SourceVersion "1"]
[SourceVersionDate "2022.10.05"]
[SourceQuality "1"]
[WhiteTeam "Belgrade Borca"]
[BlackTeam "Belgrade Cirilo i Metodije"]
[WhiteTeamCountry "SRB"]
[BlackTeamCountry "SRB"]

1. e4 c5 2. Nf3 Nc6 3. d4 cxd4 4. Nxd4 Nf6 5. Nc3 d6 6. Bc4 e6 7. 0-0 Be7 8. Bb3 0-0 9. Be3 Bd7 10. h3 a6 11. Qd2 b5 12. a3 Qc7 13. Nxc6 Bxc6 14. f3 Rfd8 15. Qf2 Qb7 16. Rfd1 a5 17. Ne2 a4 18. Ba2 1/2-1/2

[Event "Belgrade-chT Quality"]
[Site "Belgrade"]
[Date "2018.09.19"]
[Round "3.6"]
[White "Djordjevic, Dejan P"]
[Black "Ristic, Luka"]
[Result "1-0"]
[WhiteElo "1936"]
[BlackElo "1913"]
[PlyCount "94"]
[EventDate "2018.09.17"]
[EventType "team-tourn"]
[EventRounds "11"]
[EventCountry "SRB"]
[SourceTitle "CBM 186 Extra"]
[Source "ChessBase"]
[SourceDate "2018.08.24"]
[SourceVersion "1"]
[SourceVersionDate "2018.08.24"]
[SourceQuality "1"]
[WhiteTeam "Belgrade PTT"]
[BlackTeam "Crvena Zvezda"]
[WhiteTeamCountry "SRB"]
[BlackTeamCountry "SRB"]

1. e4 g6 2. d4 Bg7 3. Nf3 c6 4. Nc3 d5 5. h3 dxe4 6. Nxe4 Nf6 7. Ng3 0-0 8. Bc4 Na6 9. 0-0 Nc7 10. Re1 b5 11. Bb3 Be6 12. c3 Bd5 13. Ne5 Ne6 14. Be3 Qc7 15. Nd3 Bxb3 16. Qxb3 Nd5 17. a4 a6 18. Ne4 Rfd8 19. Nb4 Nxe3 20. Rxe3 c5 21. dxc5 Nxc5 22. Nxc5 Qxc5 23. axb5 Qxb5 24. Qa4 Qb6 25. Qc6 Bd4 26. Re2 Qc5 27. Qxc5 Bxc5 28. Rxa6 Bxb4 29. Rxa8 Rxa8 30. cxb4 e6 31. Re3 Kf8 32. Kf1 Ke7 33. Rd3 Rb8 34. Rd4 e5 35. Rc4 Kd6 36. Ke2 f5 37. Kd3 Rb6 38. Kc3 e4 39. g3 Rc6 40. b3 h6 41. h4 Rb6 42. Rc5 Ra6 43. h5 g5 44. Rxf5 Ke6 45. g4 Rb6 46. b5 Ke7 47. Kc4 Re6 1-0

[Event "Belgrade-chT Premier"]
[Site "Belgrade"]
[Date "2017.09.19"]
[Round "2.2"]
[White "Novakovic, Marko"]
[Black "Djordjevic, Dejan P"]
[Result "1-0"]
[WhiteElo "1835"]
[BlackElo "2024"]
[PlyCount "137"]
[EventDate "2017.09.18"]
[EventType "team"]
[EventRounds "9"]
[EventCountry "SRB"]
[SourceTitle "CBM 180 Extra"]
[Source "ChessBase"]
[SourceDate "2017.10.06"]
[SourceVersion "1"]
[SourceVersionDate "2017.10.06"]
[SourceQuality "1"]
[WhiteTeam "Delfin"]
[BlackTeam "Belgrade PTT"]
[WhiteTeamCountry "SRB"]
[BlackTeamCountry "SRB"]

1. d4 Nf6 2. Nf3 b6 3. c4 Bb7 4. Nc3 e6 5. Bg5 Be7 6. e3 d6 7. Be2 Nbd7 8. 0-0 0-0 9. b4 Ne4 10. Bxe7 Qxe7 11. Qc2 f5 12. Nd2 Nxd2 13. Qxd2 Qg5 14. d5 e5 15. Nb5 Rfc8 16. f4 Qf6 17. Bd3 g6 18. Nc3 c5 19. b5 Re8 20. Rae1 e4 21. Bc2 Re7 22. Kh1 Rae8 23. Rg1 h5 24. Ne2 Rg7 25. Rgf1 h4 26. Ng1 Nf8 27. Nh3 Nh7 28. Qf2 Bc8 29. Bd1 Ree7 30. Rg1 Bd7 31. g3 hxg3 32. Rxg3 Be8 33. Reg1 Kh8 34. Ng5 Nxg5 35. Rxg5 Rh7 36. Qg3 Reg7 37. Qf2 Bf7 38. Kg2 Be8 39. h4 Bf7 40. Kf1 Qa1 41. Kg2 Qf6 42. Kh3 Be8 43. Qc2 Kg8 44. Qa4 a5 45. Qc2 Bf7 46. R1g2 Be8 47. Qb2 Qxb2 48. Rxb2 Kf7 49. Rbg2 Kf6 50. Kg3 Bf7 51. Rh2 Be8 52. Be2 Bf7 53. Rg2 Be8 54. h5 gxh5 55. Kh4 Bg6 56. Bf1 Rh6 57. Be2 Rhh7 58. Bd1 Rh8 59. R2g3 Rhh7 60. Be2 Rh8 61. Bf1 Rhh7 62. Bh3 a4 63. a3 Rg8 64. Bxf5 Rhg7 65. Bh3 Bf7 66. Rxg7 Rxg7 67. Rxg7 Kxg7 68. Kg5 h4 69. Bf5 1-0

[Event "Belgrade-chT Premier"]
[Site "Belgrade"]
[Date "2017.09.18"]
[Round "1.4"]
[White "Djordjevic, Dejan P"]
[Black "Jakovljevic, Zivota"]
[Result "0-1"]
[WhiteElo "2024"]
[BlackElo "2098"]
[PlyCount "97"]
[EventDate "2017.09.18"]
[EventType "team"]
[EventRounds "9"]
[EventCountry "SRB"]
[SourceTitle "CBM 180 Extra"]
[Source "ChessBase"]
[SourceDate "2017.10.06"]
[SourceVersion "1"]
[SourceVersionDate "2017.10.06"]
[SourceQuality "1"]
[WhiteTeam "Belgrade PTT"]
[BlackTeam "Belgrade Partizan"]
[WhiteTeamCountry "SRB"]
[BlackTeamCountry "SRB"]

1. c4 f5 2. Nc3 Nf6 3. d4 d6 4. Nf3 g6 5. g3 Bg7 6. Bg2 c6 7. 0-0 0-0 8. Qb3 Qb6 9. Qxb6 axb6 10. b3 Ne4 11. Bb2 Nxc3 12. Bxc3 Nd7 13. Ng5 Nf6 14. d5 cxd5 15. cxd5 h6 16. Ne6 Bxe6 17. dxe6 Ne4 18. Bxg7 Kxg7 19. Rfc1 Rfc8 20. a4 Kf6 21. g4 Kxe6 22. h4 Rxc1+ 23. Rxc1 Nc5 24. gxf5+ gxf5 25. Rc3 Rg8 26. Kf1 Rg4 27. h5 Rh4 28. Bf3 Rb4 29. Ke1 Rxb3 30. Rxb3 Nxb3 31. Bxb7 Kf6 32. f4 Nc5 33. Bc6 e5 34. Kd2 Ne6 35. fxe5+ dxe5 36. e3 Ke7 37. Kc3 Kd6 38. Bg2 Kc5 39. Bh3 Ng7 40. Kb3 Nxh5 41. Bxf5 Nf6 42. Kc3 h5 43. Bg6 h4 44. Bf5 Ne8 45. Bd7 Nd6 46. Be6 Ne4+ 47. Kd3 Ng5 48. Bc8 h3 49. Bb7 0-1